000 00737cam a22002653a 4500
001 43264
003 PGUSA
005 20140828084002.0
008 130720s2013||||xxu|||||s|||||000 1 eng d
040 _aPGUSA
_beng
042 _adc
050 4 _aPZ
100 1 _aWalker, Rowland
245 1 4 _aThe Phantom Airman
_h[electronic resource] /
_cRowland Walker
260 _bProject Gutenberg,
_c2013
506 _aPublic domain in the USA.
516 _aElectronic text
653 _aPirates -- Fiction
653 _aAeronautics -- Juvenile fiction
653 _aAirships -- Juvenile fiction
653 _aScience fiction
830 0 _aProject Gutenberg
_v43264
856 4 0 _uhttp://www.gutenberg.org/ebooks/43264
942 _cEB
999 _c272515
_d272515